The Recent Evolution of Financial Systems (Record no. 351904)

000 -LEADER
fixed length control field 01115pam a2200325 a 4500
001 - CONTROL NUMBER
control field 3998280
003 - CONTROL NUMBER IDENTIFIER
control field OSt
005 - DATE AND TIME OF LATEST TRANSACTION
control field 20180116183058.0
008 - FIXED-LENGTH DATA ELEMENTS--GENERAL INFORMATION
fixed length control field 960517s1997 nyua b 001 0 eng
010 ## - LIBRARY OF CONGRESS CONTROL NUMBER
LC control number 96024400
020 ## - INTERNATIONAL STANDARD BOOK NUMBER
International Standard Book Number 0333668685 (cloth)
020 ## - INTERNATIONAL STANDARD BOOK NUMBER
International Standard Book Number 0312163479 (cloth)
040 ## - CATALOGING SOURCE
Original cataloging agency DLC
Transcribing agency DLC
Modifying agency DLC
043 ## - GEOGRAPHIC AREA CODE
Geographic area code e------
050 00 - LIBRARY OF CONGRESS CALL NUMBER
Classification number HG2974
Item number .R4 1997
082 00 - DEWEY DECIMAL CLASSIFICATION NUMBER
Classification number 332.1094 THE 1996
Edition number 20
100 ## - MAIN ENTRY--PERSONAL NAME
Personal name Edited by Jack Revell
245 04 - TITLE STATEMENT
Title The Recent Evolution of Financial Systems
Statement of responsibility, etc. edited by Jack Revell.
260 ## - PUBLICATION, DISTRIBUTION, ETC.
Place of publication, distribution, etc. New York :
Name of publisher, distributor, etc. St. Martin's Press,
Date of publication, distribution, etc. 1996.
300 ## - PHYSICAL DESCRIPTION
Extent xxx, 283 p. :
Other physical details ill. ;
Dimensions 23 cm.
Accompanying material HB.(photo copy)
440 ## - SERIES STATEMENT/ADDED ENTRY--TITLE
Title The Recent Evolution of Financial Systems
500 ## - GENERAL NOTE
General note HB. photo copy
504 ## - BIBLIOGRAPHY, ETC. NOTE
Bibliography, etc. note Includes bibliographical references and index.
650 #0 - SUBJECT ADDED ENTRY--TOPICAL TERM
Topical term or geographic name entry element Banks and banking
Geographic subdivision Europe
General subdivision Case studies.
650 #0 - SUBJECT ADDED ENTRY--TOPICAL TERM
Topical term or geographic name entry element Asset-backed financing.
700 1# - ADDED ENTRY--PERSONAL NAME
Personal name Revell, Jack.
906 ## - LOCAL DATA ELEMENT F, LDF (RLIN)
a 7
b cbc
c orignew
d 1
e ocip
f 19
g y-gencatlg
942 ## - ADDED ENTRY ELEMENTS (KOHA)
Source of classification or shelving scheme
Koha item type Book
Call number prefix 332.1094 THE 1996
Holdings
Withdrawn status Lost status Source of classification or shelving scheme Damaged status Not for loan Collection code Permanent Location Current Location Shelving location Date acquired Total Checkouts Full call number Barcode Date last seen Date last checked out Price effective from Koha item type
            Central Library (CL) Central Library (CL) General Stacks 10/26/2016 2 332.1094 THE 1996 NBSD-2963 11/22/2017 08/03/2017 10/26/2016 Book
© 2023 Central Library, National University of Sciences and Technology. All Rights Reserved.